| Tag |
First Indicator |
Second Indicator |
Subfields |
| LEADER |
00000cam a2200000 4500 |
| 001 |
in00000019765 |
| 005 |
20151007053722.0 |
| 008 |
740130r19741923nyua b 00000 eng |
| 010 |
|
|
|a 73019131
|
| 020 |
|
|
|a 040505856X
|
| 035 |
|
|
|a (OCoLC)00810339
|
| 035 |
|
|
|9 AAB2590AM
|
| 040 |
|
|
|a DLC
|c DLC
|d TXA
|d UtOrBLW
|
| 043 |
|
|
|a n-us---
|
| 049 |
|
|
|a TXAM
|c [1184492]
|
| 050 |
0 |
0 |
|a JK2261
|b .B75 1974
|
| 082 |
0 |
|
|a 329/.02
|
| 100 |
1 |
|
|a Boothe, Viva B.
|q (Viva Belle),
|d 1893-
|
| 245 |
1 |
4 |
|a The political party as a social process.
|
| 264 |
|
1 |
|a New York :
|b Arno Press,
|c 1974.
|
| 300 |
|
|
|a 130 pages :
|b illustrations ;
|c 23 cm.
|
| 336 |
|
|
|a text
|b txt
|2 rdacontent
|
| 337 |
|
|
|a unmediated
|b n
|2 rdamedia
|
| 338 |
|
|
|a volume
|b nc
|2 rdacarrier
|
| 490 |
1 |
|
|a Politics and people: the ordeal of self-government in America
|
| 500 |
|
|
|a Reprint of the 1923 edition which was originally presented as the author's thesis, University of Pennsylvania.
|
| 504 |
|
|
|a Bibliography: pages 127-130.
|
| 650 |
|
0 |
|a Political parties
|z United States.
|
| 830 |
|
0 |
|a Politics and people: the ordeal of self-government in America.
|
| 999 |
|
|
|a MARS
|
| 999 |
f |
f |
|s 6845f822-90be-38c4-855f-ad5246c2d859
|i c1cdefb8-f9a5-387c-9fe0-91e8a658d878
|t 0
|
| 952 |
f |
f |
|p normal
|a Texas A&M University
|b College Station
|c Sterling C. Evans Library
|d Evans: Library Stacks
|t 0
|e JK2261 .B75 1974
|h Library of Congress classification
|i unmediated -- volume
|m A14809496849
|
| 998 |
f |
f |
|a JK2261 .B75 1974
|t 0
|l Evans: Library Stacks
|